[Event "CP-2011-P-00008"]
[Site "LSS email"]
[Date "2011.09.30"]
[Round "?"]
[White "Pintonello, Gilberto"]
[Black "Blittkowsky, Ralf"]
[Result "1/2-1/2"]
[WhiteElo "2044"]
[BlackElo "1781"]
[PlyCount "68"]
[EventDate "2011.10.01"]
[EventType "tourn (corr)"]
[EventRounds "6"]
[EventCountry "GER"]
[SourceTitle "Telechess CBM 153"]
[Source "ChessBase"]
[SourceDate "2013.03.14"]
[SourceVersion "1"]
[SourceVersionDate "2013.03.14"]
[SourceQuality "1"]

1. d4 f5 2. g3 g6 3. h4 Bg7 4. h5 Nc6 5. Nf3 d6 6. c4 gxh5 7. Nc3 Nf6 8. Bh3 Ng4 9. Bg2 e5 10. dxe5 Ncxe5 11. c5 Nxf3+ 12. exf3 Bxc3+ 13. bxc3 Qe7+ 14. Kf1 Nf6 15. cxd6 Qxd6 16. Qxd6 cxd6 17. Bg5 Kf7 18. Bxf6 Kxf6 19. Rd1 Be6 20. Rxh5 Kg6 21. Rh4 Rhd8 22. Ra4 Rac8 23. f4 Rxc3 24. Rxa7 d5 25. Ke1 Rc2 26. Rxb7 d4 27. Rdb1 d3 28. a4 Rd6 29. Kd1 Rxf2 30. R1b2 Rxg2 31. Rxg2 Bd5 32. Rgb2 Bxb7 33. Rxb7 Ra6 34. Kd2 Rxa4 1/2-1/2

[Event "BI-2011-P-00026"]
[Site "LSS email"]
[Date "2011.04.17"]
[Round "?"]
[White "Bottoni, Carlo"]
[Black "Pintonello, Gilberto"]
[Result "1-0"]
[WhiteElo "1667"]
[BlackElo "2054"]
[PlyCount "199"]
[EventDate "2011.04.20"]
[EventType "tourn (corr)"]
[EventRounds "10"]
[EventCountry "GER"]
[SourceTitle "Telechess CBM 151"]
[Source "ChessBase"]
[SourceDate "2012.11.13"]
[SourceVersion "1"]
[SourceVersionDate "2012.11.13"]
[SourceQuality "1"]

1. d4 Nf6 2. c4 e6 3. Nf3 d5 4. Nc3 c6 5. e3 Be7 6. Bd3 0-0 7. 0-0 c5 8. cxd5 exd5 9. dxc5 Nbd7 10. b4 a5 11. Qa4 axb4 12. Qxa8 Nxc5 13. Bc2 bxc3 14. Ba3 Qc7 15. Qa7 Nfe4 16. Rfc1 Bd6 17. Rd1 Rd8 18. Rac1 Be6 19. Bxe4 Nxe4 20. Bxd6 Rxd6 21. Qa4 Qb8 22. Rd4 Ra6 23. Qb3 h6 24. Rb4 Qa8 25. a4 Qd8 26. Rxb7 Ra8 27. Rb5 Nd2 28. Nxd2 cxd2 29. Rd1 d4 30. Qc2 Bd7 31. Rd5 Qe8 32. Qxd2 Bxa4 33. Re1 dxe3 34. Rxe3 Qb8 35. Re1 Bb3 36. Rd4 Qc7 37. h3 Be6 38. Qd3 g6 39. Qe3 Kg7 40. Rh4 h5 41. Qd4+ Kg8 42. Qf6 Kh7 43. Rd4 Re8 44. Rd5 Rb8 45. Rd3 Re8 46. Rde3 Qe7 47. Qc3 Qd8 48. Qe5 Qb8 49. Qf6 Qd8 50. Qf4 Qb8 51. Qg5 Rd8 52. Qf6 Rd2 53. Ra3 Rd7 54. Ra4 Rd3 55. Ra5 Rd2 56. Ree5 Kg8 57. Kh2 Rd6 58. Qf4 Rb6 59. Qh6 Bd7 60. f4 Rf6 61. Ra3 Bc6 62. Ra2 Bd7 63. Rd2 Bc6 64. Rd4 Qf8 65. Qg5 Rd6 66. Rc4 Qb8 67. Ra5 Re6 68. Rac5 Be8 69. Qg3 Kh7 70. Qd3 Kg7 71. Qd4+ Kh7 72. Rc7 Qb3 73. R4c5 Qe3 74. Qxe3 Rxe3 75. Re5 Rxe5 76. fxe5 Kg8 77. Kg3 Ba4 78. Kf4 Bb3 79. g4 hxg4 80. hxg4 Kg7 81. g5 Bd5 82. Ke3 Be6 83. Kd4 Kf8 84. Kc5 Bh3 85. Rb7 Be6 86. Kd6 Ba2 87. Rb8+ Kg7 88. Ke7 Bc4 89. Rf8 Be6 90. Rxf7+ Bxf7 91. e6 Bg8 92. Kd7 Bf7 93. exf7 Kxf7 94. Kd6 Kg8 95. Ke6 Kg7 96. Ke7 Kg8 97. Kf6 Kf8 98. Kxg6 Kg8 99. Kh6 Kh8 100. g6 1-0

[Event "BI-2011-P-00026"]
[Site "LSS email"]
[Date "2011.04.17"]
[Round "?"]
[White "Koehler, Josef"]
[Black "Pintonello, Gilberto"]
[Result "1/2-1/2"]
[WhiteElo "1970"]
[BlackElo "2054"]
[PlyCount "48"]
[EventDate "2011.04.20"]
[EventType "tourn (corr)"]
[EventRounds "10"]
[EventCountry "GER"]
[SourceTitle "Telechess CBM 151"]
[Source "ChessBase"]
[SourceDate "2012.11.13"]
[SourceVersion "1"]
[SourceVersionDate "2012.11.13"]
[SourceQuality "1"]

1. Nf3 Nf6 2. g3 d5 3. Bg2 c5 4. c4 e6 5. d4 Nc6 6. 0-0 dxc4 7. Ne5 Bd7 8. Na3 cxd4 9. Naxc4 Bc5 10. Qb3 Qc8 11. Bf4 0-0 12. Rfd1 Rd8 13. Rac1 Nd5 14. Nxf7 Kxf7 15. Ne5+ Nxe5 16. Bxe5 b6 17. Qf3+ Kg8 18. Qg4 g6 19. Be4 Bc6 20. b4 Nxb4 21. Bxg6 hxg6 22. Qxg6+ Kf8 23. Qg7+ Ke8 24. Qg6+ Ke7 1/2-1/2

[Event "BI-2011-P-00026"]
[Site "LSS email"]
[Date "2011.04.17"]
[Round "?"]
[White "Pintonello, Gilberto"]
[Black "Rudenko, Vitaliy"]
[Result "0-1"]
[WhiteElo "2054"]
[BlackElo "2274"]
[PlyCount "134"]
[EventDate "2011.04.20"]
[EventType "tourn (corr)"]
[EventRounds "10"]
[EventCountry "GER"]
[SourceTitle "Telechess CBM 151"]
[Source "ChessBase"]
[SourceDate "2012.11.13"]
[SourceVersion "1"]
[SourceVersionDate "2012.11.13"]
[SourceQuality "1"]

1. d4 Nf6 2. Nf3 g6 3. c4 Bg7 4. Nc3 0-0 5. e4 d6 6. h3 e5 7. dxe5 dxe5 8. Qxd8 Rxd8 9. Be3 Be6 10. Rc1 h6 11. Be2 Nbd7 12. 0-0 c6 13. Rfd1 Bf8 14. Rc2 Nc5 15. Nxe5 Rxd1+ 16. Bxd1 Ncxe4 17. Nxe4 Nxe4 18. b3 Rd8 19. Bf3 Ng5 20. Be2 Bf5 21. Rc1 Ne6 22. Rd1 Rxd1+ 23. Bxd1 Bg7 24. Nf3 c5 25. Ne1 Nd4 26. Kf1 b6 27. g4 Be4 28. f3 Bb7 29. Kf2 Kf8 30. Nd3 Ke7 31. a3 g5 32. f4 Bf6 33. b4 Kd6 34. Kg3 cxb4 35. axb4 Be4 36. fxg5 hxg5 37. Nc1 Ne6 38. Bf3 Ke5 39. Be2 Bc2 40. Bf1 Ke4 41. Kf2 Nf4 42. c5 bxc5 43. bxc5 Bd4 44. Bxd4 Kxd4 45. c6 Ne6 46. Bg2 Kc5 47. Ke1 Ba4 48. Nd3+ Kd6 49. Bh1 Nd8 50. c7 Kxc7 51. Bf3 Kd6 52. Nf2 Ne6 53. Be2 Kd5 54. Kd2 Kd4 55. Bf1 a5 56. Nh1 Bd7 57. Ng3 Nf4 58. Nh5 Nxh5 59. gxh5 a4 60. Bd3 Ke5 61. h6 Kf6 62. Bc4 Be6 63. Bd3 Bxh3 64. Kc3 Be6 65. Kb4 g4 66. Kxa4 g3 67. Be4 Bh3 0-1

[Event "BI-2011-P-00026"]
[Site "LSS email"]
[Date "2011.04.17"]
[Round "?"]
[White "Pintonello, Gilberto"]
[Black "Varas, Pablo"]
[Result "1-0"]
[WhiteElo "2054"]
[BlackElo "1438"]
[PlyCount "87"]
[EventDate "2011.04.20"]
[EventType "tourn (corr)"]
[EventRounds "10"]
[EventCountry "GER"]
[SourceTitle "Telechess CBM 151"]
[Source "ChessBase"]
[SourceDate "2012.11.13"]
[SourceVersion "1"]
[SourceVersionDate "2012.11.13"]
[SourceQuality "1"]

1. d4 d5 2. c4 c6 3. e3 Nf6 4. Nc3 e6 5. Nf3 Bb4 6. Bd3 0-0 7. Qc2 dxc4 8. Bxc4 c5 9. 0-0 cxd4 10. Rd1 Bd7 11. exd4 Qc7 12. Bd3 h6 13. Be3 Nc6 14. a3 Be7 15. Rac1 a6 16. Qe2 Rad8 17. Ne5 Rc8 18. Bf4 Rfd8 19. Nxc6 Qxc6 20. Bb1 Nd5 21. Qe4 Nf6 22. Qc2 Qb6 23. Be5 g6 24. h3 Nh5 25. g4 Ng7 26. Qe2 Bg5 27. Rc2 Ne8 28. Ba2 Bf6 29. Rcd2 Bg5 30. d5 Bxd2 31. Qxd2 Kh7 32. Qf4 f5 33. Re1 Ra8 34. Ne4 Rdc8 35. gxf5 gxf5 36. Qh4 Qd8 37. Qh5 Qe7 38. d6 Ng7 39. Qf3 Qd8 40. Kh2 fxe4 41. Rg1 Qg5 42. Qxe4+ Nf5 43. Rxg5 hxg5 44. Qxb7 1-0

[Event "BI-2010-F-00005"]
[Site "LSS email"]
[Date "2011.02.21"]
[Round "?"]
[White "Pintonello, Gilberto"]
[Black "Launhardt, Wolfgang"]
[Result "1/2-1/2"]
[WhiteElo "2054"]
[BlackElo "2132"]
[PlyCount "44"]
[EventDate "2011.02.24"]
[EventType "tourn (corr)"]
[EventRounds "10"]
[EventCountry "GER"]
[SourceTitle "Telechess CBM 151"]
[Source "ChessBase"]
[SourceDate "2012.11.13"]
[SourceVersion "1"]
[SourceVersionDate "2012.11.13"]
[SourceQuality "1"]

1. d4 g6 2. e4 Bg7 3. Nf3 d6 4. Be2 Nf6 5. Nc3 0-0 6. 0-0 c5 7. dxc5 dxc5 8. Be3 b6 9. Qc1 Nc6 10. Rd1 Qc7 11. Nd5 Qb7 12. Bb5 Bd7 13. Bh6 a6 14. Bc4 Nxe4 15. Bxg7 Kxg7 16. Qf4 Nd6 17. Bb3 Rae8 18. c3 Be6 19. Nxe7 Rxe7 20. Rxd6 Rd8 21. Rxd8 Nxd8 22. Bxe6 Rxe6 1/2-1/2

[Event "BI-2010-F-00005"]
[Site "LSS email"]
[Date "2011.02.21"]
[Round "?"]
[White "Pintonello, Gilberto"]
[Black "Meiners, Edwin Paul"]
[Result "1/2-1/2"]
[WhiteElo "2054"]
[BlackElo "2223"]
[PlyCount "70"]
[EventDate "2011.02.24"]
[EventType "tourn (corr)"]
[EventRounds "10"]
[EventCountry "GER"]
[SourceTitle "Telechess CBM 151"]
[Source "ChessBase"]
[SourceDate "2012.11.13"]
[SourceVersion "1"]
[SourceVersionDate "2012.11.13"]
[SourceQuality "1"]

1. d4 d5 2. Nf3 c6 3. e3 Nf6 4. c4 Bg4 5. h3 Bh5 6. Qb3 Qc7 7. Nc3 e6 8. Bd2 Be7 9. cxd5 cxd5 10. Ne5 Nc6 11. Rc1 0-0 12. g4 Bg6 13. Be2 Rfc8 14. Nxg6 hxg6 15. g5 Ne8 16. h4 Nd6 17. Qd1 Qb6 18. Na4 Qd8 19. f4 Ne4 20. Nc3 Ng3 21. Rh2 Na5 22. Kf2 Nxe2 23. Qxe2 Nc4 24. Rch1 Qb6 25. Nd1 Nxb2 26. h5 Nxd1+ 27. Qxd1 Bd6 28. Qa4 Qc6 29. hxg6 fxg6 30. Rh8+ Kf7 31. Qxc6 bxc6 32. Rxc8 Rxc8 33. Rb1 Rb8 34. Rxb8 Bxb8 35. Bb4 a6 1/2-1/2

[Event "BI-2010-F-00005"]
[Site "LSS email"]
[Date "2011.02.21"]
[Round "?"]
[White "Pintonello, Gilberto"]
[Black "Roques, Pascal"]
[Result "0-1"]
[WhiteElo "2054"]
[BlackElo "2224"]
[PlyCount "106"]
[EventDate "2011.02.24"]
[EventType "tourn (corr)"]
[EventRounds "10"]
[EventCountry "GER"]
[SourceTitle "Telechess CBM 151"]
[Source "ChessBase"]
[SourceDate "2012.11.13"]
[SourceVersion "1"]
[SourceVersionDate "2012.11.13"]
[SourceQuality "1"]

1. d4 d5 2. Nf3 Nc6 3. c4 Bg4 4. e3 e6 5. Nc3 Bb4 6. a3 Bxc3+ 7. bxc3 Nf6 8. Rb1 Na5 9. Qa4+ c6 10. cxd5 exd5 11. Bd3 Bxf3 12. gxf3 0-0 13. Qc2 Re8 14. 0-0 Qd7 15. Kg2 b5 16. a4 a6 17. Rg1 g6 18. Ba3 Nh5 19. Be2 Ng7 20. Bd3 Qc7 21. Kh1 Nc4 22. Bxc4 bxc4 23. a5 Qxa5 24. Bd6 Qd8 25. Be5 Qd7 26. Rb6 a5 27. Ra1 Qh3 28. Bg3 a4 29. Qc1 Ne6 30. Rxc6 Ng5 31. Qd1 h5 32. Rf6 a3 33. Qg1 Re6 34. Rxe6 Qxe6 35. Qg2 Qf5 36. Bf4 Ne6 37. Bd6 a2 38. e4 dxe4 39. fxe4 Qb5 40. Bb4 Nxd4 41. e5 Ra4 42. f4 Nc6 43. e6 Nxb4 44. exf7+ Kxf7 45. cxb4 c3 46. f5 Qxf5 47. Qb7+ Kg8 48. Qc6 Qb1+ 49. Kg2 Qc2+ 50. Kg3 h4+ 51. Kf3 Qd3+ 52. Kf2 Ra7 53. Qe8+ Kh7 0-1